Understanding environment / (Record no. 123596)

MARC details
000 -LEADER
fixed length control field 00876nam a22002537a 4500
005 - DATE AND TIME OF LATEST TRANSACTION
control field 20170124105927.0
010 ## - LIBRARY OF CONGRESS CONTROL NUMBER
LC control number B-127904
020 ## - INTERNATIONAL STANDARD BOOK NUMBER
International Standard Book Number 780761932772
Terms of availability 280.00
035 ## - SYSTEM CONTROL NUMBER
System control number B-127904
037 ## - SOURCE OF ACQUISITION
Source of stock number/acquisition Cen Lib/Ret
040 ## - CATALOGING SOURCE
Original cataloging agency DPL
Language of cataloging EN
082 ## - DEWEY DECIMAL CLASSIFICATION NUMBER
Classification number 383.72
Item number UND
245 ## - TITLE STATEMENT
Title Understanding environment /
Statement of responsibility, etc edited by Kiran B.Chhokar;Mamta Pandya [and] Meena Raghunathan
260 ## - PUBLICATION, DISTRIBUTION, ETC. (IMPRINT)
Place of publication, distribution, etc New Delhi
Name of publisher, distributor, etc Sage publications
Date of publication, distribution, etc 2004
270 ## - ADDRESS
Address B-42,Panchsheel enclave
City New Delhi
Postal code 110017
300 ## - PHYSICAL DESCRIPTION
Extent 331p.
Dimensions 23cm(pbk)
500 ## - GENERAL NOTE
General note Includes index
650 ## - SUBJECT ADDED ENTRY--TOPICAL TERM
Topical term or geographic name as entry element Environmental sciences-study and teaching (Higher) -India
9 (RLIN) 74141
650 ## - SUBJECT ADDED ENTRY--TOPICAL TERM
Topical term or geographic name as entry element Environmental education - study and teaching (Higher) -India
9 (RLIN) 74142
700 ## - ADDED ENTRY--PERSONAL NAME
Personal name Chhokar,Kiran B.
9 (RLIN) 74143
700 ## - ADDED ENTRY--PERSONAL NAME
Personal name Pandya,Mamata
9 (RLIN) 74144
700 ## - ADDED ENTRY--PERSONAL NAME
Personal name Raghunathan,Meena
9 (RLIN) 7111
942 ## - ADDED ENTRY ELEMENTS (KOHA)
Source of classification or shelving scheme Dewey Decimal Classification
Koha item type English Books
Classification part 383.72
Call number suffix UND
Holdings
Withdrawn status Lost status Damaged status Not for loan Home library Current library Date acquired Source of acquisition Cost, normal purchase price Total Checkouts Full call number Barcode Date last seen Date checked out Copy number Cost, replacement price Price effective from Koha item type
        Central Library Central Library 09/06/2015 Cen Lib/Ret 280.00 2 383.72 UND B-127904 17/11/2019 31/10/2019 1 280.00 09/06/2015 English Books

© Delhi Public Library
Hit Counter
free hit counter